000 00286nam a22001217a 4500
003 OSt
008 231026b |||||||| |||| 00| 0 eng d
041 _ahin
100 _aAgyey
_95539
245 _aAmar vallari aur anya kahaniyan
260 _aBanaras
_bSaraswati press
_c1954
942 _cBK
999 _c17757
_d17757